000 00259nam a2200109Ia 4500
008 230320s9999||||xx |||||||||||||| ||spa||
082 _a193/W78
100 _aWittgenstein, Ludwig, 1889-1951
245 0 _aSobre La Certeza
260 _bGedisa
942 _80
_cLIB
999 _c24286
_d24286